Indianizing India : (Record no. 215111)

MARC details
000 -LEADER
fixed length control field 00574nam a22001697a 4500
005 - DATE AND TIME OF LATEST TRANSACTION
control field 20260228173552.0
010 ## - LCCN (DPL NO)
LC control number BACEN26
020 ## - INTERNATIONAL STANDARD BOOK NUMBER
International Standard Book Number 9781041006718
Terms of availability 2195.00
037 ## - SOURCE OF ACQUISITION
Source of stock number/acquisition Atlantic
082 ## - DEWEY DECIMAL CLASSIFICATION NUMBER
Classification number 305.5
100 ## - MAIN ENTRY--PERSONAL NAME
Personal name Chakrabarty, Bidyut
245 ## - TITLE STATEMENT
Title Indianizing India :
Remainder of title Thinkers Whose Ideas Shaped A Nation/
Statement of responsibility, etc Bidyut Chakrabarty
260 ## - PUBLICATION, DISTRIBUTION, ETC. (IMPRINT)
Place of publication, distribution, etc New York
Name of publisher, distributor, etc Routledge Taylor & Francis Group
Date of publication, distribution, etc 2026
270 ## - ADDRESS
Address 4 Park Square , Milton Park, Abingdon , Ox14 4RN
City New York
Postal code NY 10158
300 ## - PHYSICAL DESCRIPTION
Extent 559 p.
Dimensions 26cm(pb)
942 ## - ADDED ENTRY ELEMENTS (KOHA)
Source of classification or shelving scheme Dewey Decimal Classification
Item type English Books
Call number suffix CHA
Classification part 305.5

No items available.


© Delhi Public Library
Hit Counter
free hit counter